<?xml version="1.0" encoding="UTF-8"?>
<record
    xmlns:xsi="http://www.w3.org/2001/XMLSchema-instance"
    xsi:schemaLocation="http://www.loc.gov/MARC21/slim http://www.loc.gov/standards/marcxml/schema/MARC21slim.xsd"
    xmlns="http://www.loc.gov/MARC21/slim">

  <leader>02649cam a22003134a 4500</leader>
  <controlfield tag="001">13255321</controlfield>
  <controlfield tag="005">20210414114123.0</controlfield>
  <controlfield tag="008">030627s2004    caua          001 0 eng  </controlfield>
  <datafield tag="010" ind1=" " ind2=" ">
    <subfield code="a">  2003109131</subfield>
  </datafield>
  <datafield tag="020" ind1=" " ind2=" ">
    <subfield code="a">0782142532</subfield>
  </datafield>
  <datafield tag="040" ind1=" " ind2=" ">
    <subfield code="a">DLC</subfield>
    <subfield code="c">DLC</subfield>
    <subfield code="d">DLC</subfield>
  </datafield>
  <datafield tag="042" ind1=" " ind2=" ">
    <subfield code="a">pcc</subfield>
  </datafield>
  <datafield tag="050" ind1="0" ind2="0">
    <subfield code="a">QA76.76.M52.J66 </subfield>
  </datafield>
  <datafield tag="082" ind1="0" ind2="0">
    <subfield code="a">005.2/768</subfield>
    <subfield code="2">22</subfield>
  </datafield>
  <datafield tag="100" ind1="1" ind2=" ">
    <subfield code="a">Jones, A. Russell.</subfield>
  </datafield>
  <datafield tag="245" ind1="1" ind2="0">
    <subfield code="a">.NET programming 10-minute solutions. /</subfield>
    <subfield code="c">A. Russell Jones, Mike Gunderloy.</subfield>
  </datafield>
  <datafield tag="260" ind1=" " ind2=" ">
    <subfield code="a">San Francisco :</subfield>
    <subfield code="b">Sybex,</subfield>
    <subfield code="c">c2004.</subfield>
  </datafield>
  <datafield tag="300" ind1=" " ind2=" ">
    <subfield code="a">xiii, 433 p. :</subfield>
    <subfield code="b">ill. ;</subfield>
    <subfield code="c">23 cm.</subfield>
  </datafield>
  <datafield tag="500" ind1=" " ind2=" ">
    <subfield code="a">Includes index.</subfield>
  </datafield>
  <datafield tag="505" ind1=" " ind2=" ">
    <subfield code="a">Contents: Windows forms solutions: Listbox itemdata is gone! -- Create owner- drawn listboxes and  comobo boxes-- Upgrade your INI files to XML -- Build your own XML- enabled windows forms tree view control -- General .NET topics: Take advantageof streams and formatters in VB.NET -- File I/O in VB.NET: avoid the compatibility syntax -- Gain control of regular expressions -- Add sort capabilities to your .NET classes -- A Plethora of XML choices -- Where should i store that data? -- Performing the most- requested conversions in .NET -- Building custom collections in .NET -- Launching and monitoring external programs from VB.NET -- Building custom collections in .NET -- Parse and validate command- line parameters with VB.NET -- Monitor data and files with a windows service -- ASP.NET solutions: Creating custom configuration settings in ASP.NET -- Internationalize your ASP.NET applications(part1of 2) -- Internationalize your ASP.NET applications(part2of 2) -- Managing focus in web forms -- The Missing message boxes in ASP.NET -- ADO.NET solutions: Optimizing and troubleshooting database connections -- Replacing recordsets with datasets -- Working with calculated datacolumns -- Combining tables in a dataset -- Getting customized XML from SQL server -- XML and the dataset -- Databinding listsboxes and comobo boxes -- Advanced databinding -- Synchronizing datasets with diagrams -- The 10- minute guide to paging data.</subfield>
  </datafield>
  <datafield tag="650" ind1=" " ind2="0">
    <subfield code="a">Microsoft .NET.</subfield>
  </datafield>
  <datafield tag="700" ind1="1" ind2=" ">
    <subfield code="a">Gunderloy, Mike.</subfield>
  </datafield>
  <datafield tag="856" ind1="4" ind2="2">
    <subfield code="3">Contributor biographical information</subfield>
    <subfield code="u">http://www.loc.gov/catdir/enhancements/fy0615/2003109131-b.html</subfield>
  </datafield>
  <datafield tag="856" ind1="4" ind2="2">
    <subfield code="3">Publisher description</subfield>
    <subfield code="u">http://www.loc.gov/catdir/enhancements/fy0615/2003109131-d.html</subfield>
  </datafield>
  <datafield tag="856" ind1="4" ind2="1">
    <subfield code="3">Table of contents only</subfield>
    <subfield code="u">http://www.loc.gov/catdir/enhancements/fy0615/2003109131-t.html</subfield>
  </datafield>
  <datafield tag="906" ind1=" " ind2=" ">
    <subfield code="a">7</subfield>
    <subfield code="b">cbc</subfield>
    <subfield code="c">orignew</subfield>
    <subfield code="d">2</subfield>
    <subfield code="e">epcn</subfield>
    <subfield code="f">20</subfield>
    <subfield code="g">y-gencatlg</subfield>
  </datafield>
  <datafield tag="942" ind1=" " ind2=" ">
    <subfield code="2">lcc</subfield>
    <subfield code="c">BK</subfield>
  </datafield>
  <datafield tag="999" ind1=" " ind2=" ">
    <subfield code="c">2083</subfield>
    <subfield code="d">9583</subfield>
  </datafield>
  <datafield tag="952" ind1=" " ind2=" ">
    <subfield code="0">0</subfield>
    <subfield code="1">0</subfield>
    <subfield code="2">lcc</subfield>
    <subfield code="4">0</subfield>
    <subfield code="7">0</subfield>
    <subfield code="a">WIUC-1</subfield>
    <subfield code="b">WIUC-1</subfield>
    <subfield code="c">GEN</subfield>
    <subfield code="d">2012-08-22</subfield>
    <subfield code="l">0</subfield>
    <subfield code="o">QA76.76.M52.J66</subfield>
    <subfield code="p">4632/12</subfield>
    <subfield code="r">2012-08-22 00:00:00</subfield>
    <subfield code="t">1</subfield>
    <subfield code="w">2012-08-22</subfield>
    <subfield code="y">BK</subfield>
  </datafield>
  <datafield tag="952" ind1=" " ind2=" ">
    <subfield code="0">0</subfield>
    <subfield code="1">0</subfield>
    <subfield code="2">lcc</subfield>
    <subfield code="4">0</subfield>
    <subfield code="7">0</subfield>
    <subfield code="a">WIUC-1</subfield>
    <subfield code="b">WIUC-1</subfield>
    <subfield code="c">GEN</subfield>
    <subfield code="d">2012-08-22</subfield>
    <subfield code="l">0</subfield>
    <subfield code="o">QA76.76.M52.J661</subfield>
    <subfield code="p">4633/12</subfield>
    <subfield code="r">2012-08-22 00:00:00</subfield>
    <subfield code="t">2</subfield>
    <subfield code="w">2012-08-22</subfield>
    <subfield code="y">BK</subfield>
  </datafield>
</record>
